Statistics for Rock Stars by Real Name

Click here to take the quiz!

General Stats

  • This quiz has been taken 111 times
  • The average score is 11 of 26

Answer Stats

HintAnswer% Correct
Reginald Dwightvocals/keyboards1970's RockElton John
71%
Prince Roger Nelsonvocals/bass1980's RockPrince
68%
Robert Zimmermanvocals/guitar1960's Folk/RockBob Dylan
66%
Farrokh Bulsaravocals1970's RockFreddie Mercury
66%
Richard Starkeydrums/vocals1960's RockRingo Starr
64%
Gordon Sumnervocals/bass1970's/1980's RockSting
63%
William Bailey/Rosevocals1990's RockAxl Rose
56%
Stefani Germanottavocals2010's PopLady Gaga
56%
Saul Hudsonguitar1990's RockSlash
54%
Paul Hewsonvocals1980's RockBono
51%
Vincent Furniervocals1970's RockAlice Cooper
49%
David Jonesvocals1970's RockDavid Bowie
48%
Alecia Moorevocals2010's PopPink
45%
Kathryn Hudsonvocals2010's PopKaty Perry
44%
Brian Warnervocals1990's RockMarilyn Manson
40%
Steven Tallaricovocals1970's/1990's RockSteven Tyler
40%
Anna Mae Bullockvocals1960's/1980's R&BTina Turner
38%
Chaim Witzvocals/bass1970's RockGene Simmons
37%
Michael Adayvocals1970's RockMeatloaf
32%
Michael Balzarybass1990's RockFlea
29%
David Evansguitar1980's RockThe Edge
26%
Stevland Judkinsvocals/keyboards1970's RockStevie Wonder
25%
James Osterberg, Jr.vocals1970's/1980's PunkIggy Pop
22%
Dana Owensvocals1990's Rap/Hip hopQueen Latifah
22%
Eileen Edwardsvocals1990's CountryShania Twain
22%
Audrey Perryvocals1990's CountryFaith Hill
15%

Score Distribution

Percentile by Number Answered

Percent of People with Each Score

Your Score History

You have not taken this quiz